Pět syndikátů. Bastiano Romano /
Další díl ze série romantických příběhů.
Uloženo v:
| Série: | Pět syndikátů,
část 3 |
|---|---|
| Hlavní autor: | |
| Další autoři: | |
| Médium: | E-kniha |
| Jazyk: | Czech |
| Vydáno: |
Praha :
Dobrovský s.r.o.,
2025
|
| Edice: | Red
|
| Témata: | |
| Příbuzné jednotky: | Z cyklu::
Pět syndikátů |
| Tagy: |
Žádné tagy |
| LEADER | 02306nam a2200469 i 4500 | ||
|---|---|---|---|
| 001 | 312614 | ||
| 003 | CZ PrSKC | ||
| 005 | 20260601215725.0 | ||
| 007 | ta | ||
| 008 | 250117s2025 xr g 000 f cze | ||
| 015 | |a cnb003667352 | ||
| 020 | |a 9788027740291 |q (brožováno) : |c Kč 399,00 | ||
| 035 | |a (OCoLC)1505965277 | ||
| 040 | |a ABG001 |b cze |e rda | ||
| 041 | 1 | |a cze |h eng | |
| 072 | 7 | |a 821.111(73)-3 |x Americká próza |2 Konspekt | |
| 080 | |a 821.111(73)-31 |2 MRF | ||
| 080 | |a (0:82-312.5) |2 MRF | ||
| 100 | 1 | |a Huntington, Parker S., |d 1995- |7 xx0308231 |4 aut | |
| 240 | 1 | 0 | |a Bastiano Romano. |l Česky |
| 245 | 1 | 0 | |a Pět syndikátů. |p Bastiano Romano / |c Parker S. Huntington ; přeložila Martina Balzano |
| 246 | 3 | 0 | |a Bastiano Romano |
| 264 | 1 | |a Praha : |b Dobrovský s.r.o., |c 2025 | |
| 300 | |a 390 stran ; |c 20 cm | ||
| 336 | |a text |b txt |2 rdacontent | ||
| 337 | |a bez média |b n |2 rdamedia | ||
| 338 | |a svazek |b nc |2 rdacarrier | ||
| 490 | 1 | |a Red | |
| 500 | |a Přeloženo z angličtiny | ||
| 520 | 2 | |a Další díl ze série romantických příběhů. |b Bastiano Romano. Nelítostné, kruté monstrum. Pohádkově bohatý mafiánský princ. A můj šéf. První den v mé nové práci mě poníží před personálem. Druhý den mě okouzlí tak, že jsem posedlá touhou po jeho těle, po jeho doteku. A třetí den? Myslím, že to tak dlouho nevydržím. Poslali mě sem, abych odhalila jeho tajemství. Nakladatelská anotace. Kráceno. | |
| 655 | 7 | |a americké romány |7 fd131796 |2 czenas | |
| 655 | 7 | |a milostné romány |7 fd132840 |2 czenas | |
| 655 | 9 | |a American fiction |2 eczenas | |
| 655 | 9 | |a love novels |2 eczenas | |
| 700 | 1 | |a Balzano, Martina, |d 1985- |7 xx0318418 |4 trl | |
| 787 | 0 | 8 | |i Z cyklu: |t Pět syndikátů |g 3 |w (CZ-CtDS)a84ba9bd-05c2-50be-94de-920bd4290836 |
| 830 | 0 | |a Red | |
| 900 | |a ABA001 |b 21 | ||
| 044 | |a xr | ||
| 910 | |a RBIT002 | ||
| 998 | |d 417021 |a https://core.palmknihy.cz/api/books/417021/cover?sqga8z |b https://core.palmknihy.cz/api/books/417021/cover/400?sqga8z |c https://core.palmknihy.cz/api/books/417021/cover/50?sqga8z |e 2029-11-26 |g 392 |i 9788027740291 |j https://core.palmknihy.cz/api/books/417021/preview.epub |k https://core.palmknihy.cz/api/books/417021/preview.pdf |l |q 49 |r 1 |s https://www.palmknihy.cz/kniha/417021 |t ebook |y 2025 |z 0 |v Pět syndikátů |w 3 | ||
| 999 | |d 312612 | ||